000 01140nam0a22003011 4500
001 rc\2180788
005 20110829162912.0
035 _a(NLR Aleph) 006608560
090 _a7324360
_c7324360
100 _a20110829d1978 |||y0rusy50 ca
101 0 _arus
102 _aRU
105 _aa z |||||
200 1 _aИсследование усиления на линиях дополнительных полос в СО₂-лазерах с несамостоятельным разрядом
_fВ.П. Попонин, Б.Ф. Кунцевич, С.А. Трушин, В.В. Чураков
210 _aМинск
_cИн-т физики
_d1978
215 _a17 с.
_cил.
_d20
225 1 _aПрепринт
_fИн-т физики АН БССР
_v№ 156
320 _aБиблиогр.: с. 17
701 1 _aТрушин
_bС. А.
701 1 _aЧураков
_bВ. В.
701 1 _aКунцевич
_bБ. Ф.
701 1 _aПопонин
_bВ. П.
_gВладимир Павлович
801 0 _aRU
_bNLR
_gpsbo
801 1 _aRU
_bELAR
_2rusmarc
852 _aNLR
_j79-4/4941
899 _aRuMoRGB
_jБ 75-29/305
942 _cBOOK
980 _aNB